Saudi Arabia : (Record no. 4189)

MARC details
000 -LEADER
fixed length control field 00566 a2200181 4500
010 ## - LCCN (DPL NO)
LC control number ENG-86182
020 ## - INTERNATIONAL STANDARD BOOK NUMBER
International Standard Book Number 8123748345
Terms of availability 60.00
035 ## - SYSTEM CONTROL NUMBER
System control number EN-69715
037 ## - SOURCE OF ACQUISITION
Source of stock number/acquisition DBAD / PUB
082 14 - DEWEY DECIMAL CLASSIFICATION NUMBER
Classification number 320.9538
100 1# - MAIN ENTRY--PERSONAL NAME
Personal name Dietl, Gulshan
245 1# - TITLE STATEMENT
Title Saudi Arabia :
Statement of responsibility, etc by Gulshan Dietl
Remainder of title people, politics, policies /
260 ## - PUBLICATION, DISTRIBUTION, ETC. (IMPRINT)
Place of publication, distribution, etc New Delhi
Name of publisher, distributor, etc National Book Trust, India
Date of publication, distribution, etc 2006
270 ## - ADDRESS
Address A-5, Green Park
City New Delhi
State or province New Delhi
Postal code 110 016
300 ## - PHYSICAL DESCRIPTION
Extent x, 133p.
Dimensions 22 cm. (pbk)
490 ## - SERIES STATEMENT
Series statement Popular Social Science
942 ## - ADDED ENTRY ELEMENTS (KOHA)
Institution code [OBSOLETE] dpl
Item type English Books
Source of classification or shelving scheme Dewey Decimal Classification
Classification part 320.9538
Call number suffix DIE
Holdings
Withdrawn status Lost status Not for loan Collection code Home library Current library Source of acquisition Cost, normal purchase price Full call number Barcode Copy number Cost, replacement price Koha item type
    Not For Loan Non-fiction D.B.Act.Division D.B.Act.Division DBAD/PUB 60.00 320.9538 DIE EN-69715 1 60.00 English Books

© Delhi Public Library
Hit Counter
free hit counter